00677cam a2200205 a 450000100100000000500170001000800410002702000150006804000230008308200170010610000330012324500980015626000320025430000280028649000290031465000210034365000430036470000350040783000290044200000545720200929151702.0940624s1992 sp af 000 d spa  a8437611202 aDO-SdBNPcDLCdDLC a862.6bA334d1 aAlberti, Rafael,d1902-1999.10aDe un momento a otro :bel adefesio /cRafael Alberti ; edición de Gregorio Torres Nebrera. aMadrid :bCátedra,c1992. a319 p. :bil. ;c18 cm.1 aLetras hispánicasv356 4aTeatro español 4aTeatro españolxHistoria y crítica1 aTorres Nebrera, Gregorio,eed. 0aLetras hispánicasv356